000 01030cam a22003135a 4500
001 18384276
005 20161025133422.0
008 141121t2014 vraa frb 001 0 eng d
020 _a9780195577853
020 _a019557785X
040 _aAU@
_beng
_cAU@
_dOCLCO
_dBDX
_dCDX
_dLTSCA
_dOCLCO
_dOCLCF
_dDLC
_dEG-ScBUE
082 0 4 _a302.23
_222
_bFLE
100 1 _aFlew, Terry.
245 1 0 _aNew media /
_cTerry Flew.
250 _a4th ed.
260 _aSouth Melbourne :
_bOxford University Press,
_cc.2004.
300 _axv, 270 p. ;
_bill. ;
_c25 cm.
500 _aPreviously published: 2008.
500 _aIndex : p. [255]-270.
504 _aBibliography : p. 219-254.
650 7 _aMass media
_xTechnological innovations.
_2BUEsh
_937780
650 0 _aMass media
_xInfluence.
_2BUEsh
650 7 _aMass media
_xSocial aspects.
_2BUEsh
_939331
650 7 _aMass media
_xPolitical aspects.
_2BUEsh
650 7 _aMass media
_xEconomic aspects.
_2BUEsh
651 _2BUEsh
653 _bBUSBOL
_bCOMAME
_cOctober2016
942 _2ddc
999 _c22854
_d22826